[Event "POL-chT 69th"]
[Site "Poland"]
[Date "2013.08.30"]
[Round "4.1"]
[White "Urban, Klaudiusz"]
[Black "Murdzia, Piotr"]
[Result "1-0"]
[WhiteElo "2465"]
[BlackElo "2462"]
[PlyCount "96"]
[EventDate "2013.05.24"]
[EventType "team-tourn"]
[EventRounds "9"]
[EventCountry "POL"]
[SourceTitle "EXT 2014"]
[Source "ChessBase"]
[SourceDate "2013.11.20"]
[SourceVersion "1"]
[SourceVersionDate "2013.11.20"]
[SourceQuality "1"]
[WhiteTeam "Poznan Politechnika"]
[BlackTeam "Ostroda"]
[WhiteTeamCountry "POL"]
[BlackTeamCountry "POL"]

1. Nf3 d5 2. g3 c6 3. Bg2 Bg4 4. h3 Bxf3 5. Bxf3 Nd7 6. d3 Ngf6 7. 0-0 e5 8. c4 d4 9. b3 a5 10. Na3 Bd6 11. Nc2 0-0 12. Rb1 Re8 13. Bg2 Nc5 14. e3 dxe3 15. Bxe3 Bf8 16. d4 exd4 17. Bxd4 Nce4 18. Re1 Bb4 19. Re3 Bd2 20. Re2 Nc3 21. Rxe8+ Nxe8 22. Qxd2 Nxb1 23. Qc1 c5 24. Bb2 Qd3 25. Bf1 Qd2 26. Qxb1 Nd6 27. Ne3 Re8 28. Qc1 Qxc1 29. Bxc1 a4 30. Kg2 Ne4 31. Nd5 axb3 32. axb3 Ra8 33. Bd3 Nd6 34. Be3 Ra3 35. Bc2 Ra2 36. Bxc5 Nxc4 37. Bxh7+ Kxh7 38. bxc4 Rb2 39. Be3 Rc2 40. c5 f6 41. Kf3 Kg6 42. h4 Rc4 43. Ne7+ Kf7 44. Nf5 Rb4 45. h5 Rb1 46. Ke4 g6 47. Nd6+ Kg7 48. hxg6 Kxg6 1-0

[Event "Poznan op 21st"]
[Site "Poznan"]
[Date "2013.08.12"]
[Round "7"]
[White "Urban, Klaudiusz"]
[Black "Kempinski, Tomasz"]
[Result "1/2-1/2"]
[WhiteElo "2449"]
[BlackElo "2174"]
[PlyCount "81"]
[EventDate "2013.08.07"]
[EventType "swiss"]
[EventRounds "9"]
[EventCountry "POL"]
[SourceTitle "CBM 155 Extra"]
[Source "ChessBase"]
[SourceDate "2013.08.26"]
[SourceVersion "1"]
[SourceVersionDate "2013.08.26"]
[SourceQuality "1"]

1. d4 f5 2. g3 Nf6 3. Bg2 g6 4. b3 Bg7 5. Bb2 0-0 6. Nf3 d6 7. 0-0 Ne4 8. Nbd2 e6 9. Ne1 Nxd2 10. Qxd2 Nd7 11. Rd1 Qe7 12. Nd3 Nf6 13. c4 h5 14. h4 Kh7 15. Qe1 Ng4 16. e3 Bh6 17. f4 Rb8 18. Nf2 Nxf2 19. Rxf2 Qf7 20. e4 Re8 21. Re2 Bd7 22. e5 d5 23. cxd5 exd5 24. Qa5 Bc6 25. e6 Qg7 26. Qxa7 b6 27. e7 Rec8 28. Qa6 Ra8 29. Qd3 Rxa2 30. Rde1 Re8 31. Qb1 Ra7 32. Re5 Qf7 33. Qc2 Ba8 34. Qe2 Bg7 35. Re6 c5 36. dxc5 Ra2 37. Bxg7 Rxe2 38. R1xe2 Qxg7 39. cxb6 Bb7 40. R2e5 Rh8 41. Kh2 1/2-1/2

[Event "Poznan op 21st"]
[Site "Poznan"]
[Date "2013.08.09"]
[Round "3"]
[White "Urban, Klaudiusz"]
[Black "Plichta, Kamil"]
[Result "1/2-1/2"]
[WhiteElo "2449"]
[BlackElo "2199"]
[PlyCount "51"]
[EventDate "2013.08.07"]
[EventType "swiss"]
[EventRounds "9"]
[EventCountry "POL"]
[SourceTitle "CBM 155 Extra"]
[Source "ChessBase"]
[SourceDate "2013.08.26"]
[SourceVersion "1"]
[SourceVersionDate "2013.08.26"]
[SourceQuality "1"]

1. d4 Nf6 2. c4 g6 3. Nc3 Bg7 4. e4 d6 5. Bd3 0-0 6. Nge2 Nc6 7. 0-0 Nd7 8. Bc2 e5 9. d5 Nd4 10. Nxd4 exd4 11. Nb5 Ne5 12. Nxd4 Nxc4 13. Rb1 Ne5 14. h3 c5 15. dxc6 bxc6 16. Nf3 Be6 17. Nxe5 Bxe5 18. Bb3 Bxb3 19. Qxb3 Qa5 20. a3 Rab8 21. Qc2 Qc5 22. Qa4 Qb5 23. Qxb5 Rxb5 24. b4 a5 25. Bd2 axb4 26. axb4 1/2-1/2

[Event "Police Gniota Memorial 28th"]
[Site "Police"]
[Date "2013.07.16"]
[Round "7"]
[White "Urban, Klaudiusz"]
[Black "Malisauskas, Vidmantas"]
[Result "0-1"]
[WhiteElo "2462"]
[BlackElo "2450"]
[PlyCount "120"]
[EventDate "2013.07.10"]
[EventType "swiss"]
[EventRounds "9"]
[EventCountry "POL"]
[SourceTitle "CBM 155 Extra"]
[Source "ChessBase"]
[SourceDate "2013.08.26"]
[SourceVersion "1"]
[SourceVersionDate "2013.08.26"]
[SourceQuality "1"]

1. Nf3 Nf6 2. c4 g6 3. Nc3 Bg7 4. e4 d6 5. d4 0-0 6. Be2 e5 7. 0-0 Na6 8. Re1 Qe8 9. Bf1 Bg4 10. d5 Nh5 11. g3 h6 12. Be2 f5 13. Nh4 Bxe2 14. Qxe2 Qf7 15. f3 f4 16. g4 Bf6 17. Ng2 Ng7 18. h4 Qe7 19. Qf2 Nc5 20. Rd1 a5 21. Bd2 c6 22. Be1 Rfd8 23. Qe2 Ne8 24. Bf2 Nc7 25. Rd2 cxd5 26. exd5 N7a6 27. Ne4 Rac8 28. Re1 g5 29. h5 Re8 30. b3 Nxe4 31. Qxe4 Qh7 32. Qxh7+ Kxh7 33. Re4 Nc5 34. Bxc5 Rxc5 35. Ne1 Bd8 36. Nd3 Rc8 37. c5 Bc7 38. Kf1 dxc5 39. Nxc5 b6 40. Nd3 Bd6 41. Ke2 Kg7 42. Rd1 Rc2+ 43. Rd2 Rc3 44. Nf2 b5 45. Nd1 Rc1 46. a4 bxa4 47. bxa4 Rb8 48. Nf2 Kf6 49. Nd3 Rc3 50. Nf2 Rbc8 51. Nd3 Rb3 52. Nf2 Rcc3 53. Kd1 Ke7 54. Rc2 Rb1+ 55. Kd2 Rxf3 56. Nd3 Rg3 57. Rc6 Ra1 58. Nxe5 Ra2+ 59. Rc2 Rg2+ 60. Kd3 Raxc2 0-1